000 00555nam a2200229Ia 4500
003 OSt
005 20221005113811.0
006 a|||||r|||| 00| 0
007 ta
008 221004b |||||||| |||| 00| 0 eng d
024 _a57172
037 _cTextual
040 _aCRL
_cCRL
_beng
041 _2eng
_aeng
082 _aU:245k, D8
245 0 _aAfghanistan and Nepal (Gazetteer)
260 _c1908
490 _aImperial Gazetteer of India.
650 _aGEOGRAPHY
942 _hU:245k, D8
_cTEXL
_2cc
999 _c1029303
_d1029303